000 00542nam a22002177a 4500
003 OSt
005 20140310181935.0
008 130723t xxu||||| |||| 00| 0 eng d
020 _a0553215736
050 _aPR 4746
_b.H268 1981
082 _aCLA
_bH22j 1969
100 _aHardy, Thomas
245 _aJude the obscure /
_cby Thomas Hardy.
260 _aToronto :
_bBantam Books,
_cc1969.
300 _a444 p. ;
_c18 cm.
541 _j1
562 _e1
650 _aFiction
_9746
700 _aHardy, Thomas
942 _2lcc
_cBK
_kCLA
999 _c7527
_d7527